| 000 | 00682cab a22002055a 4500 | ||
|---|---|---|---|
| 001 | L160041 | ||
| 008 | 150113e2016 xxk 000 0 eng d | ||
| 035 | _a(Sirsi) u160041 | ||
| 041 | 0 | _aeng | |
| 100 | 1 | _aVanmali, Dipen | |
| 245 | 0 | 0 | _aCareer opportunities |
| 260 |
_aLondon _bRICS _c2016 |
||
| 490 |
_aRICS Building Surveying Journal _vMarch 2016 - April 2016, 24-25(2) |
||
| 520 | _aWinner of RICS Matrics Young Building Surveyor of the Year Award 2015 discusses the benefits of RICS membership and some of the projects he has worked on. | ||
| 650 | 2 | 4 | _aABOUT RICS |
| 650 | 2 | 4 | _aCAREER |
| 651 | 4 | _aUnited Kingdom | |
| 690 |
_aBuilding surveying _96225 |
||
| 942 |
_n0 _2ddc |
||
| 999 |
_c85156 _d85156 |
||